00405nam a2200145Ia 4500008004100000020001400041041001200055082001100067100001400078245009600092260003800188300000800226650000800234700001700242221030s9999 xx 000 0 und d a07185050X aEnglish a105.23 aC. Belove 0aDigital & Analog Systems, Circuits, & Devices - An Introductioncby C. Belove, H. Schachter bMcGraw Hill Pub.aNew Delhic1987 a465 aECE aH. Schachter